000 00703nam a2200181Ia 4500
008 100921s9999 xx 000 0 und d
082 _b21220
_a891.463 थ 88
100 _aकुलकर्णी पद्मा.
245 _aस्वप्नसंदेश.
260 _bराजेंद्र प्रकाशन, पुणे.
_c1988
300 _a228
_bशिल्पा बुक सर्व्हिस,तळेगांव दाभाडे
365 _b65
520 _aललित-कादंबरी.
630 _aस्वप्नसंदेश.
650 _aललित-कादंबरी.
730 _aस्वप्नसंदेश.
942 _cBOOK
999 _c770333
_d770330